000 00837nam a22001217a 4500
040 _cRUA
100 _aEK SOPHEAP, ឯក សុភាព
245 _aAntimicrobial Effectiveness of Bacillus Subtilis Strain on Improvement of Quality and Safety of Fermented Soybean (Sieng )Produced in Cambodia,ប្រសិទ្ធភាពប្រឆាំងនិង​អតសុខុមប្រាណនៃពូជបាក់តេរី Bacillus Subtilis លើការធ្វើនូវគុណភាពនិងសុវត្ថិភាពសណ្ដែកសៀងបន្ទុំ(សៀង)ផលិតផលនៅកម្ពុជា
260 _aphnom penh
_bRUA
_c2020
300 _axiii,62p,
_bill,
_c29cm,
856 _uhttps://drive.google.com/file/d/1sVrJVit8JHFsjhw-QR4DV5aN3TUP9xAG/view?usp=sharing
942 _cMNR
999 _c19687
_d19687